Escritos sobre don Andrés Bello / (Record no. 187192)

MARC details
000 -LEADER
campo de control de longitud fija 01208nam a2200301 i 4500
001 - NÚMERO DE CONTROL
campo de control 187192
003 - IDENTIFICADOR DE NÚMERO DE CONTROL
campo de control SpMaBN
005 - FECHA Y HORA DE LA ÚLTIMA TRANSACCIÓN
campo de control 20250629063152.0
008 - DATOS DE LONGITUD FIJA--INFORMACIÓN GENERAL
campo de control de longitud fija 170503s1981 ck c |||| |dspa d
080 ## - NÚMERO DE LA CLASIFICACIÓN DECIMAL UNIVERSAL
Número de la Clasificación Decimal Universal 860(87)Bello, Andrés 1.06
080 ## - NÚMERO DE LA CLASIFICACIÓN DECIMAL UNIVERSAL
Número de la Clasificación Decimal Universal 929 Bello, Andrés
100 1# - ENTRADA PRINCIPAL--NOMBRE DE PERSONA
Nombre de persona Caro, Miguel Antonio,
Fechas asociadas al nombre 1843-1909
9 (RLIN) 35400
Término indicativo de función/relación Autor
245 10 - MENCIÓN DEL TÍTULO
Título Escritos sobre don Andrés Bello /
Mención de responsabilidad, etc. Miguel Antonio Caro ; edición, introducción y notas de Carlos Valderrama Andrade.
260 ## - PUBLICACIÓN, DISTRIBUCIÓN, ETC.
Lugar de publicación, distribución, etc. Bogotá :
Nombre del editor, distribuidor, etc. Instituto Caro y Cuervo,
Fecha de publicación, distribución, etc. 1981.
300 ## - DESCRIPCIÓN FÍSICA
Extensión LXXVI, 385 páginas :
Otras características físicas 1 retrato autor ;
Dimensiones 22 cm.
490 1# - MENCIÓN DE SERIE
Mención de serie Obras completas de Miguel Antonio Caro ;
Designación de volumen o secuencia 2
490 1# - MENCIÓN DE SERIE
Mención de serie Biblioteca colombiana ;
Designación de volumen o secuencia 20
500 ## - NOTA GENERAL
Nota general Índice onomástico
600 17 - PUNTO DE ACCESO ADICIONAL DE MATERIA--NOMBRE DE PERSONA
Nombre de persona Bello, Andrés-
Subdivisión general Crítica e interpretación.
9 (RLIN) 149645
700 1# - ENTRADA AGREGADA--NOMBRE PERSONAL
Nombre de persona Valderrama Andrade, Carlos.
9 (RLIN) 160111
Término indicativo de función/relación Editor literario
710 2# - ENTRADA AGREGADA--NOMBRE DE ENTIDAD CORPORATIVA
Nombre de entidad corporativa o nombre de jurisdicción como elemento de entrada Instituto Caro y Cuervo.
9 (RLIN) 4806
Término indicativo de función/relación Editor
830 0# - PUNTO DE ACCESO ADICIONAL DE SERIE-TÍTULO UNIFORME
Título uniforme Obras completas de Miguel Antonio Caro ;
Designación de volumen o secuencia 2
9 (RLIN) 192742
830 0# - PUNTO DE ACCESO ADICIONAL DE SERIE-TÍTULO UNIFORME
Título uniforme Biblioteca colombiana ;
Designación de volumen o secuencia 20
9 (RLIN) 192743
852 ## - LOCALIZACIÓN
Ubicación ES-MaACL
Donativo/Legado Donat. herederos José Prat
Ubicación en estantería Depósito 2
Número de control de estantería L-31526
942 ## - ELEMENTOS DE ENTRADA SECUNDARIOS (KOHA)
Fuente del sistema de clasificación o colocación Clasificación decimal universal
Tipo de ítem Koha Libro impreso
Suprimir en OPAC No
Holdings
Estatus retirado Estado de pérdida Estado de daño No para préstamo Biblioteca de origen Biblioteca actual Ubicación en estantería Fecha de adquisición Fuente de adquisición Total de préstamos Signatura topográfica completa Código de barras Visto por última vez Precio de reemplazo Tipo de ítem Koha
        Biblioteca del Ateneo de Madrid Biblioteca del Ateneo de Madrid Depósito 2 03/05/2017     L-31526 1197516 23/02/2023 23/02/2023 Libro impreso